MARC

LEADER 00000nam0a2200000 4500
001 297962
005 20231102001046.0
035 |a (RuTPU)RU\TPU\book\323097 
090 |a 297962 
100 |a 20150613d1965 k y0rusy50 ca 
101 0 |a rus 
102 |a RU 
105 |a a z 001zy 
200 1 |a Трансформаторы с переключением под нагрузкой  |f В. В. Порудоминский 
210 |a Москва  |a Ленинград  |c Энергия  |d 1965 
215 |a 264 с.  |c ил. 
225 1 |a Трансформаторы  |v Вып. 15 
320 |a Библиогр.: с. 258-262. 
606 1 |a Трансформаторы  |x Регулирование напряжения  |2 stltpush  |3 (RuTPU)RU\TPU\subj\61422  |9 78614 
610 1 |a переключения 
610 1 |a нагрузки 
610 1 |a регулируемые трансформаторы 
610 1 |a переключающие устройства 
610 1 |a контакторы 
610 1 |a электрическая дуга 
610 1 |a схемы 
610 1 |a конструкции 
610 1 |a испытания 
610 1 |a эксплуатационная характеристика 
675 |a 621.314.214  |v 3 
700 1 |a Порудоминский  |b В. В.  |g Виктор Владимирович 
801 1 |a RU  |b 63413507  |c 20150613 
801 2 |a RU  |b 63413507  |c 20211122  |g RCR 
942 |c BK